Statystyki dla Okresy Fanerozoiku

Kliknij tutaj aby rozwiązać quiz!

Ogólne statystyki

  • Ten quiz został rozwiązany 48 razy
    (47 od ostatniego zresetowania)
  • Średni wynik to 9 z 12

Statystyki odpowiedzi

CzasOkres% Poprawnych
201 Milionów lat temuJura
88%
541 Milionów lat temuKambr
88%
145 Milionów lat temuKreda
88%
419 Milionów lat temuDewon
81%
252 Milionów lat temuTrias
81%
ObecnieCzwartorzęd
75%
359 Milionów lat temuKarbon
75%
299 Milionów lat temuPerm
75%
443 Milionów lat temuSylur
75%
23 Milionów lat temuNeogen
69%
485 Milionów lat temuOrdowik
69%
66 Milionów lat temuPaleogen
69%

Rozkład punktacji

Percentyl według liczby udzielonych odpowiedzi

Procent ludzi z każdym wynikiem

Twoja historia wyników

Nie rozwiązałeś tego quizu od ostatniego zresetowania